000
00381nam a22001577a 4500
003
MPLRDC
005
20220104114514.0
008
210129b ||||| |||| 00| 0 eng d
082
_a
856.9 CX
100
_a
程羲编著
245
_a
中国历代轶闻
_c
260
_a
_b
大方文化事业公司
_c
300
_b
平
650
_a
函牍及杂著--杂项
942
_c
BK
_o
856.9 CX
999
_c
8002
_d
7992